JURISPRUDENCE (Record no. 9644)

MARC details
000 -LEADER
fixed length control field 00298nam a22001457a 4500
003 - CONTROL NUMBER IDENTIFIER
control field SGT
082 ## - DEWEY DECIMAL CLASSIFICATION NUMBER
Classification number 340.10954,DIA
100 ## - MAIN ENTRY--PERSONAL NAME
Personal name DIAS,R.W.M
245 ## - TITLE STATEMENT
Title JURISPRUDENCE
250 ## - EDITION STATEMENT
Edition statement 5TH
260 ## - PUBLICATION, DISTRIBUTION, ETC. (IMPRINT)
Place of publication, distribution, etc GURGAON
Name of publisher, distributor, etc LEXIS NEXIX
Year of Publication 2013
300 ## - PAGE DESCRIPTION
No. of Pages 520
650 ## - SUBJECT ADDED ENTRY--TOPICAL TERM
Topical term or geographic name as entry element JURISPRUDENCE
942 ## - ADDED ENTRY ELEMENTS (KOHA)
Source of classification or shelving scheme Dewey Decimal Classification
Koha item type Books
942 ## - ADDED ENTRY ELEMENTS (KOHA)
-- 6
Holdings
Withdrawn status Lost status Source of classification or shelving scheme Damaged status Not for loan Collection code Home library Current library Shelving location Date acquired Vendor Name Cost, normal purchase price SGTU Bill Number Total Checkouts Full call number Accession No. (Barcode) Date last seen Date last borrowed Bill Date Koha item type
    Dewey Decimal Classification     LAW SGT Science & Social Sciences Library SGT Science & Social Sciences Library Text Book 26/07/2016 SATYAM BOOKS 995.00 SGTU 986 3 340.10954,DIA FL217 08/09/2025 25/08/2025 22/01/2014 Books
  Lost and Paid For Dewey Decimal Classification     LAW SGT Science & Social Sciences Library SGT Science & Social Sciences Library Text Book 26/07/2016 SATYAM BOOKS 995.00 SGTU 986   340.10954,DIA FL218 26/07/2016   22/01/2014 Books
    Dewey Decimal Classification     LAW SGT Science & Social Sciences Library SGT Science & Social Sciences Library Text Book 26/07/2016 SATYAM BOOKS 995.00 SGTU 986 8 340.10954,DIA FL219 27/08/2025 14/07/2025 22/01/2014 Books
    Dewey Decimal Classification     LAW SGT Science & Social Sciences Library SGT Science & Social Sciences Library Text Book 26/07/2016 SATYAM BOOKS 995.00 SGTU 986 4 340.10954,DIA FL220 08/09/2025 08/09/2025 22/01/2014 Books
    Dewey Decimal Classification   Not For Loan LAW SGT Science & Social Sciences Library SGT Science & Social Sciences Library Reference Book 26/07/2016 SATYAM BOOKS 995.00 SGTU 986   340.10954,DIA FL221 26/07/2016   22/01/2014 Books